| 000 | 00520nam a2200181Ia 4500 | ||
|---|---|---|---|
| 003 | IN-BaIIA | ||
| 008 | 211028s9999 xx 000 0 eng d | ||
| 020 | _a900414-03-0 | ||
| 040 | _cIIA Library | ||
| 080 |
_a77(058) _bBJB-73 |
||
| 245 | 4 |
_aThe British journal of photography annual 1973 _cedited by Geoffery Carwley |
|
| 260 |
_aLondon _bHenry Greenwood _c1973 |
||
| 300 | _a232p. | ||
| 650 | _aAstronomy and astrophysics thesaurus | ||
| 650 | _aPhotography | ||
| 700 |
_aCrawley, Geoffrey., ed. _96931 |
||
| 942 | _cBK | ||
| 999 |
_c4239 _d4239 |
||